| 000 | 01739cam a22004454i 4500 | ||
|---|---|---|---|
| 003 | PE-LiUPU | ||
| 005 | 20250731184532.0 | ||
| 008 | 150623s r 000 0 d | ||
| 035 | _a(Sirsi) a23038 | ||
| 040 |
_aPE-LiUPU _bspa _cPE-LiUPU _erda |
||
| 082 | 0 | 4 |
_a985.611 _bL31 _221 |
| 100 | 1 |
_aLavallé, Bernard, _eautor. |
|
| 245 | 1 | 3 |
_aEl mercader y el marqués: las luchas de poder en el Cuzco (1700-1730) / _cBernard Lavallé. |
| 264 | 1 |
_aLima : _bBanco Central de Reserva del Perú, Fondo Editorial, _c1988. |
|
| 300 |
_a167 páginas ; _c21 cm. |
||
| 336 |
_atext _2rdacontent |
||
| 337 |
_aunmediated _2rdamedia |
||
| 338 |
_avolume _2rdacarrier |
||
| 504 | _aIncluye bibliografía. | ||
| 505 | 0 | _aLa larga paciencia de Jerónimo de Losada. -La saga de los Esquivel: de tal palo, tal astilla. -Las etapas del odio: Los Esqivel contra Losada. -Hasta madrid, a ver si le alcanza la justicia del rey. -La vuelta a Cuzco: el desenlace. | |
| 526 | _aP136 | ||
| 526 | _aP135 | ||
| 526 | _aP134 | ||
| 526 | _aP133 | ||
| 526 | _aP144 | ||
| 526 | _aP143 | ||
| 526 | _aP87 | ||
| 526 | _aP35 | ||
| 526 | _aP20 | ||
| 526 | _aP14 | ||
| 526 | _aP10 | ||
| 526 | _aP06 | ||
| 650 | 0 | 4 |
_aCusco (Perú : Departamento) _xHistoria _yVirreinato, 1700-1808. |
| 650 | 0 | 4 |
_aCusco, Cus. (Perú : Distrito) _xGenealogía |
| 942 |
_2ddc _cBOOK |
||
| 949 |
_a985.611 L31 _wDEWEY _c1 _i47092 _lCCODEBUL1 _mBUL _p00.00 _r0 _sY _tBOOK _u2015-06-24 _xBIBLIOTECA _zUNKNOWN _0COMPRA _o.STAFF. Colección General |
||
| 596 | _a1 | ||
| 999 |
_a985.611 L31 _wDEWEY _c23671 _i47092 _f2021-11-8 _g4 _lCCODEBUL1 _mBUL _r0 _sY _tBOOK _u2015-6-24 _xBIBLIOTECA _zUNKNOWN _0COMPRA _o.STAFF. Colección General _d23671 |
||
| 980 |
_81 _gALBERTO SANCHEZ Responsable de Automatización |
||